Well Built : (Record no. 122035)

MARC details
000 -LEADER
fixed length control field 02387nam a22003973i 4500
001 - CONTROL NUMBER
control field BDZ0055241007
003 - CONTROL NUMBER IDENTIFIER
control field StDuBDS
005 - DATE AND TIME OF LATEST TRANSACTION
control field 20241029144631.0
007 - PHYSICAL DESCRIPTION FIXED FIELD--GENERAL INFORMATION
fixed length control field cr||||||||||||
008 - FIXED-LENGTH DATA ELEMENTS--GENERAL INFORMATION
fixed length control field 240509s2024 enk go 000|0 eng d
020 ## - INTERNATIONAL STANDARD BOOK NUMBER
International Standard Book Number 9798891880610 :
Terms of availability 9.99
040 ## - CATALOGING SOURCE
Original cataloging agency StDuBDS
Language of cataloging eng
Description conventions rda
Transcribing agency StDuBDS
072 #7 - SUBJECT CATEGORY CODE
Subject category code KJC
Source bicssc
072 #7 - SUBJECT CATEGORY CODE
Subject category code KJMB
Source bicssc
072 #7 - SUBJECT CATEGORY CODE
Subject category code KJMQ
Source bicssc
072 #7 - SUBJECT CATEGORY CODE
Subject category code BUS
Source ukslc
072 #7 - SUBJECT CATEGORY CODE
Subject category code KJC
Source thema
072 #7 - SUBJECT CATEGORY CODE
Subject category code KJMB
Source thema
072 #7 - SUBJECT CATEGORY CODE
Subject category code KJMQ
Source thema
100 1# - MAIN ENTRY--PERSONAL NAME
Personal name Chad, Prinkey,
Relator term author.
245 10 - TITLE STATEMENT
Title Well Built :
Remainder of title How the Top 2% of Construction Contractors Create Superior Value, Profits, and Excellence /
Statement of responsibility, etc. Prinkey Chad.
264 #1 - PRODUCTION, PUBLICATION, DISTRIBUTION, MANUFACTURE, AND COPYRIGHT NOTICE
Place of production, publication, distribution, manufacture [Place of publication not identified] :
Name of producer, publisher, distributor, manufacturer Advantage Media Group, Inc.,
Date of production, publication, distribution, manufacture, or copyright notice 2024.
300 ## - PHYSICAL DESCRIPTION
Extent 1 online resource
336 ## - CONTENT TYPE
Content type term text
Source rdacontent
337 ## - MEDIA TYPE
Media type term unmediated
Source rdamedia
338 ## - CARRIER TYPE
Carrier type term volume
Source rdacarrier
366 ## - TRADE AVAILABILITY INFORMATION
Detailed date of publication 20240618
Availability status code Available
520 8# - SUMMARY, ETC.
Summary, etc. The construction industry faces major headwinds-from fluctuating markets and attracting enough talent to unreasonably tight margins, and so much more. Yet some elite contractors consistently achieve double or triple the profits through these challenges.What's the key to their success?After advising hundreds of contractors for fifteen years, author Chad Prinkey knows it comes down to having the right systems and culture in place across your business. In his book Well Built, Prinkey lays out the roadmap for contractors to make meaningful upgrades in how they operate, strategize, manage teams, win new business, and deliver for customers. You'll learn the step-by-step process contractors can use to join the top 2% and gain durable competitive advantages that increase profits for the long haul.Real transformation doesn't happen overnight-but with Prinkey's straightforward methodology, construction executives finally have a clear path to reach the top tier of industry performers.
650 #7 - SUBJECT ADDED ENTRY--TOPICAL TERM
Topical term or geographic name entry element Business and Management
Source of heading or term ukslc
650 #7 - SUBJECT ADDED ENTRY--TOPICAL TERM
Topical term or geographic name entry element EBOOK
650 #7 - SUBJECT ADDED ENTRY--TOPICAL TERM
Topical term or geographic name entry element Business strategy
Source of heading or term thema
650 #7 - SUBJECT ADDED ENTRY--TOPICAL TERM
Topical term or geographic name entry element Management: leadership & motivation
Source of heading or term thema
650 #7 - SUBJECT ADDED ENTRY--TOPICAL TERM
Topical term or geographic name entry element Quality Assurance (QA) & Total Quality Management (TQM)
Source of heading or term thema
856 40 - ELECTRONIC LOCATION AND ACCESS
Uniform Resource Identifier <a href="https://www.vlebooks.com/product/openreader?id=RICS&accId=9491556&isbn=9798891880610">https://www.vlebooks.com/product/openreader?id=RICS&accId=9491556&isbn=9798891880610</a>
Public note Available on VLeBooks (email [email protected] if you do not have a login)
942 ## - ADDED ENTRY ELEMENTS (KOHA)
Source of classification or shelving scheme Dewey Decimal Classification
Holdings
Withdrawn status Lost status Damaged status Not for loan Home library Current library Shelving location Date acquired Total Checkouts Full call number Date last seen Price effective from Koha item type
        Virtual Virtual Online 29/10/2024   EBOOK 29/10/2024 29/10/2024 Book